Sci-Fi Movie Posters Quiz Stats

Quiz Updated Mar 23, 2016

Challenge
Share
Tweet
Score 0/25 Timer 05:00
3 Plays Today
% Correct
E.T. the Extra-Terrestrial
98.6%
The Matrix
98.1%
Star Wars
95.3%
WALL·E
94.3%
Alien
91.8%
The Martian
88.5%
Star Trek: The Motion Picture
82.5%
Planet of the Apes
81.4%
District 9
78.2%
Armageddon
76.8%
Tron
76.3%
Interstellar
71.6%
The Fifth Element
69.1%
% Correct
Blade Runner
62.5%
2001: A Space Odyssey
61%
Metropolis
48.5%
The Thing
44.4%
Close Encounters of the Third Kind
40.9%
The Day the Earth Stood Still
38.4%
Moon
34.7%
Forbidden Planet
19.4%
Soylent Green
17.5%
Invasion of the Body Snatchers
17.1%
The Incredible Shrinking Man
11.6%
Fantastic Voyage
7.6%

You're not logged in!

Compare scores with friends on all Sporcle quizzes.
Join for Free
OR
Log In

You Might Also Like...

Show Comments

Extras

Top Quizzes Today


Score Distribution

Your Account Isn't Verified!

In order to create a playlist on Sporcle, you need to verify the email address you used during registration. Go to your Sporcle Settings to finish the process.

Report this User

Report this user for behavior that violates our Community Guidelines.

Details: